000 01727nam a22004817a 4500
003 OSt
005 20230420125825.0
008 221006b |||||||| |||| 00| 0 eng d
040 _cBiblioteca Lado V
082 _a700
_bZ39a
100 _9802
_aZaya, Antonio
_eeditor
_edirector
245 _aAtalantica/
_bRevista de Arte y Pensamiento/
260 _bCentro Atlantico de Arte Moderno
_c1998
_aEspaña
300 _c24x30cm
_a192p.
366 _efre
366 _eeng
490 _v1998
_x1132-8428
_a19
505 _tTrade Routes en la encrucijada
505 _tProyecto de Zwelethu Mthetwa
505 _tYinka Shonibare
505 _tEl tejido y la ironía de lo autentico
505 _tProyecto de Yinka Shonibate
505 _tPascale Marthine Tayou
505 _tTrabajando en Johannesburgo para Hong Kong
505 _tProyecto de Peter Spaans
505 _tImportante y Exportante
505 _tProyecto de Lucy Orta
505 _tPequenas necesidades de la vida
505 _tProyecto de Joachin Koester
505 _tSexo Publico
505 _tTransversiones
505 _tHistoria, Geografía y Cultura
650 _2Tesauro de Arte & Arquitectura
_aARTE
_9703
650 _2Tesauro de Arte & Arquitectura
_aEXPOSICIONES
650 _2Tesauro de Arte & Arquitectura
_aCULTURA
650 _2Tesauro de Arte & Arquitectura
_aAPRECIACION
650 _2Tesauro de Arte & Arquitectura
_aTEORIA
650 _2Tesauro de Arte & Arquitectura
_aCRITICA
650 _2Tesauro de Arte & Arquitectura
_aFOTOGRAFIA
_9702
650 _2Tesauro de Arte & Arquitectura
_aLITERATURA
650 _2Tesauro de Arte & Arquitectura
_aESPAÑA
942 _2ddc
_c1
_h700
_iZ39a
_n0
999 _c3408
_d3408